000 00442nam a2200157Ia 4500
003 OSt
005 20230602103257.0
008 211028s2012 xx 000 0 und d
040 _cAIMIT LIBRARY
041 _aeng
100 _aRai, Nivya U; Kumar, Rakesh.
_98368
_e101922
110 _aRakesh Kumar
_98369
245 _aOffice automation: mess bill generation for hostel management system.
260 _aMangalore
_c2012
942 _2ddc
_cPRO
999 _c219853
_d219853